| 000 | 00547nam a2200169 a 4500 | ||
|---|---|---|---|
| 005 | 20210219160254.0 | ||
| 008 | 081003s1992 mx r 000 0 spa d | ||
| 035 | _aUPN01000162063 | ||
| 049 | _aUNE | ||
| 080 | _a371.62 (100) =20 "1992" DES. | ||
| 245 | 0 | 0 |
_aDescentralisation and educational building management : _bthe impact of recent reforms. |
| 260 |
_aParĂs : _bOCDE, _c1992. |
||
| 300 |
_a84 p. ; _bil. |
||
| 690 | _aEdificios educacionales | ||
| 710 | 2 |
_aOECD. _bOrganization for Economic Co-operation and Development |
|
| 905 | _aUNESCO | ||
| 999 |
_c134176 _d134176 |
||